Voices of Disney - Statistics

General Stats
  • This quiz has been taken 24 times
  • The average score is 11 of 30
Answer Stats
Picture Answer % Correct
Alui’i Cravalho (Moana)
72%
Scott Weinger (Aladdin)
67%
Owen Wilson (Lightning McQueen)
61%
Jeremy Irons (Scar)
56%
Jodi Benson (Ariel)
56%
Mandy Moore (Rapunzel)
56%
Tim Allen (Buzz Lightyear)
56%
Amy Poehler (Joy)
50%
Anika Noni Rose (Tiana)
50%
Mel Gibson (John Smith)
50%
Nathan Lane (Timon)
39%
Bobby Driscoll (Peter Pan)
33%
Stephanie Beatriz (Mirabel)
33%
Ariana DeBose (Asha)
28%
Billy Joel (Dodger)
28%
Craig T Nelson (Mr Incredible)
28%
Kelly Macdonald (Merida)
28%
Michael J Fox (Milo Thatch)
28%
Pat Carroll (Ursula)
28%
Chris Pratt (Barley Lightfoot)
22%
D.B. Sweeney (Aladar)
22%
Joseph Gordon-Levitt (Jim Hawkins)
22%
Kevin Spacey (Hopper)
22%
Scott Adsit (Baymax)
22%
Tate Donovan (Hercules)
22%
Brian Bedford (Robin Hood)
17%
Demi Moore (Esmeralda)
17%
Edward Brophy (Timothy Q Mouse)
17%
Joaquin Phoenix (Kenai)
17%
Karl Swenson (Merlin)
17%
No matching quizzes found
Score Distribution
Percent of People with Each Score
Percentile by Number Answered
Your Score History
You have not taken this quiz